| 000 | 01007nac a22002657a 4500 | ||
|---|---|---|---|
| 001 | BR8305754 | ||
| 003 | BR-BrBNA | ||
| 005 | 20240105115900.0 | ||
| 008 | 230509b bl.|||m| |||| 00| 0 por d | ||
| 040 |
_aBR-BrBNA _bpor _cBiblioteca Nacional de Agricultura |
||
| 072 | _aL73 | ||
| 090 | _a5240 BR8305754 | ||
| 100 | 1 | _aEchevarria, F.A.M. | |
| 100 | 1 | _aPinheiro, A. da C. | |
| 110 | 1 | _aUnidade de Execucao de Pesquisa de Ambito Estadual de Bage, RS (Brasil) | |
| 245 | 1 | _aLevantamento preliminar sobre o controle do parasitismo e da ocorrencia de resistencia anti-helmintica em rebanhos ovinos no Municipio de Bage [Rio Grande do Sul, Brasil] | |
| 260 | 3 |
_aBage, RS (Brasil): _c1983. |
|
| 300 | _a3 p. | ||
| 490 |
_aPesquisa em Andamento - Unidade de Execucao de Pesquisa de Ambito Estadual de Bage (Brazil) _vno. 2 _xISSN 0101-5834 |
||
| 650 | _aOVINO | ||
| 650 | _aANTI-HELMINTICO | ||
| 650 | _aRIO GRANDE DO SUL | ||
| 909 |
_a202312 _bLúcia Elande _c55 _dLúcia Elande |
||
| 942 |
_2AGRIS _n0 _cMS |
||
| 999 |
_c276878 _d276878 |
||